Перестройка и молодежь: время действий: встреча М. С. Горбачева с молодежью Москвы и Подмосковья, 29 окт. 1988 г.

Détails bibliographiques
Autres auteurs: Голоднов В. В. (редактор)
Résumé:Исключено из фонда НТБ ТПУ
Langue:russe
Publié: Москва, Политиздат, 1988
Format: Livre
KOHA link:https://koha.lib.tpu.ru/cgi-bin/koha/opac-detail.pl?biblionumber=264838

MARC

LEADER 00000nam0a2200000 4500
001 264838
005 20231031222923.0
010 |a 5250007414 
035 |a (RuTPU)RU\TPU\book\287835 
090 |a 264838 
100 |a 20140623d1988 m y0rusy50 ca 
101 0 |a rus 
102 |a RU 
105 |a a z 000zy 
200 1 |a Перестройка и молодежь: время действий  |e встреча М. С. Горбачева с молодежью Москвы и Подмосковья, 29 окт. 1988 г.  |f под ред. В. В. Голоднова 
210 |a Москва  |c Политиздат  |d 1988 
215 |a 48 с. 
333 |a Исключено из фонда НТБ ТПУ 
702 1 |a Голоднов  |b В. В.  |4 340 
801 1 |a RU  |b 63413507  |c 20140623 
801 2 |a RU  |b 63413507  |c 20220413  |g RCR 
942 |c BK